| 000 | 00512cam a22001934a 4500 | ||
|---|---|---|---|
| 005 | 20250605164315.0 | ||
| 008 | 250528s ||||||||||||||||||||||||d | ||
| 035 | _a22676 | ||
| 020 | _a9780201694970 | ||
| 040 |
_aGR-AtMCL _bgre _dGR-AtMCL _eAACR2 |
||
| 245 | 1 | _aDESIGNING THE USER INTERFACE / STRATEGIES FOR EFFECTIVE HUMAN-COMPUTER INTERACTION | |
| 250 | _a3 | ||
| 260 |
_bAddison-Wesley, _c1998 |
||
| 300 | _a639 | ||
| 700 | 1 |
_aShneiderman Ben _91510 |
|
| 942 | _cBK | ||
| 999 |
_c7724 _d7724 |
||